000 00564nam a22001337a 4500
999 _c234472
_d234472
003 Nust
005 20170321121922.0
008 140206t xxu||||| |||| 00| 0 eng d
020 _a978-81-89473-27-3
040 _cASAB
082 _a660.6
245 _aTextbook of Biotechnology
_cHemant Rawat
300 _a292 p.
942 _2ddc
_cBK